Excalibur, l'épée magique - Statistiques

Statistiques générales
  • Ce quiz a été pris 5 fois
  • Le résultat moyen est 9 sur 10
Statistiques - réponses
Questions Réponses % Correct
De quel handicape est porteur Garrett ? cécité
100%
Quel était le métier de son père, Sir Lionel ? chevalier de la table ronde
100%
Quels sont les noms des deux dragons bleus qui accompagnent Kayley et Garrett ? Devon et Cornouailles
100%
Quel est le nom de l'héroïne/personnage principal ? Kayley
100%
Quel animal fantastique possède Ruber ? un griffon
100%
En quelle année est sorti "Excalibur l'épée magique" ? 1998
80%
Quelle chanteuse francophone célèbre interprète la voix de Juliana (la mère de Kayley) au chant dans la version originale ? Céline Dion
80%
Quel est l'endroit hostile dans lequel une grande partie de la quête a lieu ? la forêt interdite
80%
Quel oiseau, apprivoisé par Merlin, aide Garrett et Kayley dans leur quête ? un faucon
80%
Quelle est sa société de production ? Warner Bros
60%
Aucun quiz correspondant
Distribution des résultats
% des personnes avec chaque résultat
Percentile par nombre de réponses
Votre historique - résultats
Vous n’avez pas pris ce quiz